000 00489nam a2200145Ia 4500
008 150223s9999 xx 000 0 und d
020 _a0877796203
050 _aPN 41
_b.M423 1997
100 _aDoherty, Kathleen M. et. al.
245 _aMerriam-Webster's Reader's Handbook :
_byour complete guide to literary terms /
_cKathleen M. Doherty et. al.
260 _aUSA :
_bMerriam-Webster, Inc.,
_c1997
300 _a597 pages :
_c22 cm.
504 _aIncludes Index.
650 _aDictionary
999 _c283318
_d283318